[Event "2. Bundesliga West 2011/12"]
[Site "Absam"]
[Date "2011.10.09"]
[Round "3"]
[Board "1"]
[White "Bayer, Bernhard"]
[Black "Platzgummer, Fabian"]
[Result "0-1"]
[WhiteElo "2434"]
[BlackElo "2304"]
[PlyCount "80"]
[EventDate "2011.10.07"]
[EventType "team"]
[EventRounds "11"]
[EventCountry "AUT"]
[WhiteTeam "Schwaz"]
[BlackTeam "Zillertal"]

1.c4 e6 2.Nf3 Nf6 3.g3 d5 4.Bg2 dxc4 5.Qa4+ Nbd7 6.Qxc4 c5 7.O-O b6 8.d3 Bb7
9.Qc2 Bd6 10.e4 Ne5 11.Nxe5 Bxe5 12.Nd2 O-O 13.Kh1 Qd7 14.Nc4 Bc7 15.Bg5 Ng4
16.Rad1 Ne5 17.Nxe5 Bxe5 18.f4 Bd4 19.f5 f6 20.Bc1 exf5 21.Rxf5 Rfd8 22.b3 Kh8
23.Qe2 a5 24.Ba3 Be5 25.Rh5 Ba6 26.Bh3 Qf7 27.Qf3 Qe8 28.Bf1 Ra7 29.Rh4 Rad7
30.Rh3 a4 31.g4 axb3 32.axb3 Qf7 33.Rb1 h6 34.d4 Bxf1 35.Rxf1 Rxd4 36.g5 Rd3
37.Qxd3 Rxd3 38.Rxd3 hxg5 39.Rh3+ Kg8 40.Rd1 Qb7 0-1

[Event "2. Bundesliga West 2011/12"]
[Site "Absam"]
[Date "2011.10.09"]
[Round "3"]
[Board "2"]
[White "Lanka, Zigurds"]
[Black "Fuchs, Georg"]
[Result "1-0"]
[WhiteElo "2442"]
[BlackElo "2289"]
[PlyCount "75"]
[EventDate "2011.10.07"]
[EventType "team"]
[EventRounds "11"]
[EventCountry "AUT"]
[WhiteTeam "Zillertal"]
[BlackTeam "Schwaz"]

1.e4 e5 2.Nf3 Nf6 3.Nxe5 d6 4.Nf3 Nxe4 5.d4 d5 6.Bd3 Bd6 7.O-O O-O 8.Re1 Nf6
9.c4 c6 10.h3 h6 11.Nc3 dxc4 12.Bxc4 b5 13.Bd3 Nbd7 14.Bd2 Nb6 15.Qc2 Be6
16.Rad1 Rc8 17.a3 a5 18.Ne4 Nxe4 19.Bxe4 a4 20.Rc1 Bb3 21.Qb1 Nc4 22.Be3 b4
23.axb4 Bxb4 24.Re2 c5 25.Bh7+ Kh8 26.Bf5 Rc6 27.Ne5 Nxe5 28.dxe5 Qe7 29.Qe4 Rc7
30.Qg4 a3 31.bxa3 Bxa3 32.Ra1 c4 33.Qh5 Rc6 34.e6 fxe6 35.Be4 Rf5 36.Bxf5 exf5
37.Bc1 Bd1 38.Rxe7 1-0

[Event "2. Bundesliga West 2011/12"]
[Site "Absam"]
[Date "2011.10.09"]
[Round "3"]
[Board "3"]
[White "Blaas, Hansjoerg"]
[Black "Maiwald, Jens-Uwe"]
[Result "0-1"]
[WhiteElo "2234"]
[BlackElo "2457"]
[PlyCount "38"]
[EventDate "2011.10.07"]
[EventType "team"]
[EventRounds "11"]
[EventCountry "AUT"]
[WhiteTeam "Schwaz"]
[BlackTeam "Zillertal"]

1.e4 d6 2.d4 Nf6 3.Nc3 g6 4.f4 Bg7 5.Nf3 c5 6.d5 O-O 7.Be2 b5 8.Bxb5 Nxe4 9.Nxe4
Qa5+ 10.Ned2 Qxb5 11.c4 Qa6 12.O-O e6 13.Re1 exd5 14.cxd5 Bf5 15.Qe2 Qxe2
16.Rxe2 Nd7 17.h3 Nb6 18.g4 Bd3 19.Re3 c4 0-1

[Event "2. Bundesliga West 2011/12"]
[Site "Absam"]
[Date "2011.10.09"]
[Round "3"]
[Board "4"]
[White "Hausner, Ivan"]
[Black "Gruber, Michael"]
[Result "1/2-1/2"]
[WhiteElo "2405"]
[BlackElo "2125"]
[PlyCount "67"]
[EventDate "2011.10.07"]
[EventType "team"]
[EventRounds "11"]
[EventCountry "AUT"]
[WhiteTeam "Zillertal"]
[BlackTeam "Schwaz"]

1.d4 f5 2.g3 Nf6 3.Bg2 g6 4.c3 Bg7 5.Nd2 Nc6 6.Ngf3 O-O 7.O-O e6 8.Re1 d5 9.Nb3
Ne4 10.Bf4 g5 11.Be5 Nxe5 12.Nxe5 c6 13.f3 Nd6 14.Nd3 b6 15.Nd2 Ba6 16.Ne5 Bxe5
17.dxe5 Nc4 18.Nxc4 Bxc4 19.e3 Qc7 20.f4 g4 21.h3 h5 22.hxg4 hxg4 23.Kf2 Kg7
24.Rh1 Rh8 25.Qc2 Qe7 26.Qa4 Bb5 27.Qd4 c5 28.Qd2 Rad8 29.a4 Rxh1 30.Bxh1 Ba6
31.a5 b5 32.Bg2 Qc7 33.Qc2 Bc8 34.Qc1 1/2-1/2

[Event "2. Bundesliga West 2011/12"]
[Site "Absam"]
[Date "2011.10.09"]
[Round "3"]
[Board "5"]
[White "Kondrak, Christof"]
[Black "Kleissl, Helmut"]
[Result "1-0"]
[WhiteElo "2176"]
[BlackElo "2306"]
[PlyCount "101"]
[EventDate "2011.10.07"]
[EventType "team"]
[EventRounds "11"]
[EventCountry "AUT"]
[WhiteTeam "Schwaz"]
[BlackTeam "Zillertal"]

1.d4 d6 2.Bf4 g6 3.h3 Bg7 4.Nf3 Nd7 5.c3 e5 6.Bh2 Qe7 7.e3 Ngf6 8.Be2 b6 9.O-O
O-O 10.c4 e4 11.Nfd2 Bb7 12.Nc3 Rfe8 13.Re1 Nf8 14.Rc1 c5 15.d5 h6 16.Qc2 N8h7
17.Bf1 Bc8 18.a3 h5 19.b4 Bf5 20.bxc5 dxc5 21.a4 h4 22.Nb5 Red8 23.a5 g5 24.axb6
axb6 25.Bc7 Rdc8 26.Red1 g4 27.Bf4 Rd8 28.d6 Qd7 29.hxg4 Bxg4 30.f3 exf3 31.gxf3
Bf5 32.e4 Bh3 33.Bxh3 Qxh3 34.Kf2 Qd7 35.Rg1 Kh8 36.e5 Nh5 37.Qe4 Nxf4 38.Qxf4
Ra2 39.Rxg7 Kxg7 40.Nc3 Rb2 41.Rg1+ Kh8 42.Nce4 Qh3 43.Ng5 Nxg5 44.Rxg5 Qh2+
45.Qxh2 Rxd2+ 46.Kg1 Rd1+ 47.Kg2 Rd2+ 48.Kh3 Rxh2+ 49.Kxh2 Kh7 50.f4 f6 51.Rg2 1-0

[Event "2. Bundesliga West 2011/12"]
[Site "Absam"]
[Date "2011.10.09"]
[Round "3"]
[Board "6"]
[White "Schiestl, Josef"]
[Black "Binder, Moriz"]
[Result "1-0"]
[WhiteElo "2135"]
[BlackElo "1969"]
[PlyCount "31"]
[EventDate "2011.10.07"]
[EventType "team"]
[EventRounds "11"]
[EventCountry "AUT"]
[WhiteTeam "Zillertal"]
[BlackTeam "Schwaz"]

1.e4 e5 2.f4 exf4 3.Nf3 d6 4.Bc4 Nc6 5.d4 Nf6 6.Nc3 Qe7 7.O-O Bg4 8.Bxf4 O-O-O
9.Qd3 Nb4 10.Qd2 Nxe4 11.Nxe4 Qxe4 12.Ng5 Qc6 13.Bb3 d5 14.Nxf7 Re8 15.Nxh8 g5
16.Be5 1-0

[Event "2. Bundesliga West 2011/12"]
[Site "Absam"]
[Date "2011.10.09"]
[Round "3"]
[Board "1"]
[White "Luther, Thomas"]
[Black "Schmidt, Georg"]
[Result "1-0"]
[WhiteElo "2524"]
[BlackElo "2368"]
[PlyCount "83"]
[EventDate "2011.10.07"]
[EventType "team"]
[EventRounds "11"]
[EventCountry "AUT"]
[WhiteTeam "SC Absam"]
[BlackTeam "Rochade Rum"]

1.e4 e6 2.d4 d5 3.Nc3 Nf6 4.e5 Nfd7 5.f4 c5 6.Nf3 Nc6 7.Be3 a6 8.Qd2 b5 9.dxc5
Bxc5 10.Ne2 Qb6 11.Bxc5 Nxc5 12.Ned4 Ne4 13.Qe3 Bb7 14.Bd3 O-O 15.O-O Rad8
16.Rae1 Kh8 17.Nxc6 Qxe3+ 18.Rxe3 Bxc6 19.Nd4 Bb7 20.c3 Rfe8 21.Ra1 Nc5 22.Bc2
Rc8 23.Kf1 Bc6 24.Ke2 Bd7 25.Kd2 Nb7 26.Rf1 Na5 27.Bd3 Nc6 28.a3 g6 29.Ree1 Kg7
30.g4 Nxd4 31.cxd4 f6 32.exf6+ Kxf6 33.h4 Rf8 34.Rc1 Kg7 35.Rc5 Rxc5 36.dxc5 Rc8
37.b4 a5 38.Rc1 Bc6 39.a4 Rb8 40.axb5 Bxb5 41.Bxb5 Rxb5 42.c6 1-0

[Event "2. Bundesliga West 2011/12"]
[Site "Absam"]
[Date "2011.10.09"]
[Round "3"]
[Board "2"]
[White "Panteleev, Petar"]
[Black "Rotstein, Arkadij"]
[Result "0-1"]
[WhiteElo "2347"]
[BlackElo "2502"]
[PlyCount "128"]
[EventDate "2011.10.07"]
[EventType "team"]
[EventRounds "11"]
[EventCountry "AUT"]
[WhiteTeam "Rochade Rum"]
[BlackTeam "SC Absam"]

1.d4 Nf6 2.c4 e6 3.Nf3 d5 4.g3 dxc4 5.Qa4+ Nbd7 6.Bg2 a6 7.Qxc4 b5 8.Qd3 Bb7
9.O-O c5 10.dxc5 Bxc5 11.Nbd2 O-O 12.Nb3 Be4 13.Qd1 Be7 14.Be3 Rc8 15.Bd4 a5
16.Rc1 a4 17.Nbd2 Bd5 18.b3 Qa5 19.Rxc8 Rxc8 20.Ng5 axb3 21.axb3 Bxg2 22.Kxg2
Qa2 23.Bxf6 Nxf6 24.Ngf3 Rc2 25.Nb1 Nd5 26.Nd4 Rc5 27.Qd2 Qxd2 28.Nxd2 Bf6
29.N4f3 Rc2 30.Kg1 h6 31.e3 Nc3 32.Re1 g5 33.h3 Be7 34.Ra1 Na2 35.Ne4 f5 36.Nd4
Rb2 37.Nc6 Kf8 38.Nxe7 Kxe7 39.Nc5 Kd6 40.Nd3 Rxb3 41.Ne1 Nc3 42.Ra6+ Kd5 43.Nf3
Rb2 44.Nd4 Ne2+ 45.Nxe2 Rxe2 46.Rb6 Rb2 47.g4 fxg4 48.hxg4 b4 49.f4 gxf4 50.exf4
Ke4 51.Rxe6+ Kxf4 52.Rxh6 b3 53.Rb6 Kxg4 54.Kf1 Kf3 55.Ke1 Ke3 56.Re6+ Kd3
57.Rd6+ Kc2 58.Rc6+ Kb1 59.Rc3 Ka2 60.Rc8 Rh2 61.Ra8+ Kb1 62.Kd1 b2 63.Ra7 Rh5
64.Rd7 Ra5 0-1

[Event "2. Bundesliga West 2011/12"]
[Site "Absam"]
[Date "2011.10.09"]
[Round "3"]
[Board "3"]
[White "Dizdar, Goran"]
[Black "Gatterer, Florian"]
[Result "1/2-1/2"]
[WhiteElo "2495"]
[BlackElo "2274"]
[PlyCount "85"]
[EventDate "2011.10.07"]
[EventType "team"]
[EventRounds "11"]
[EventCountry "AUT"]
[WhiteTeam "SC Absam"]
[BlackTeam "Rochade Rum"]

1.c4 c6 2.e4 d5 3.exd5 cxd5 4.cxd5 Nf6 5.Nc3 Nxd5 6.Nf3 Nc6 7.Bb5 e6 8.O-O Be7
9.d4 O-O 10.Re1 Qd6 11.a3 Rd8 12.Bd3 Bd7 13.Bc2 Be8 14.Qd3 Nf6 15.Be3 Rac8
16.Rad1 g6 17.Bb3 Nd5 18.Nxd5 exd5 19.Ne5 f6 20.Nc4 Qc7 21.Bd2 Bf7 22.Ne3 f5
23.Ba2 Bf6 24.Bc3 Rd7 25.g3 a6 26.Ng2 Qd6 27.Re2 Re8 28.Rxe8+ Bxe8 29.Nf4 Bf7
30.Qf3 Kg7 31.h4 b5 32.b4 Rd8 33.Kg2 Rd7 34.Rd2 Rd8 35.Rd1 Rd7 36.h5 Rd8 37.hxg6
hxg6 38.Bb3 Rd7 39.Ba2 Rd8 40.Bb3 Rd7 41.Bc2 Rd8 42.Bb3 Qd7 43.Bc2 1/2-1/2

[Event "2. Bundesliga West 2011/12"]
[Site "Absam"]
[Date "2011.10.09"]
[Round "3"]
[Board "4"]
[White "Eybl, Alexander"]
[Black "Schmittdiel, Eckhard"]
[Result "1/2-1/2"]
[WhiteElo "2275"]
[BlackElo "2466"]
[PlyCount "64"]
[EventDate "2011.10.07"]
[EventType "team"]
[EventRounds "11"]
[EventCountry "AUT"]
[WhiteTeam "Rochade Rum"]
[BlackTeam "SC Absam"]

1.d4 Nf6 2.Nf3 e6 3.g3 b5 4.Bg2 Bb7 5.O-O c5 6.a4 b4 7.c3 Nc6 8.Bg5 d5 9.Nbd2
cxd4 10.cxd4 h6 11.Bxf6 Qxf6 12.Nb3 Bd6 13.Rc1 Qe7 14.Nfd2 f5 15.e3 O-O 16.Nc5
Rac8 17.Ndb3 Ba8 18.f4 Kh7 19.Nd3 Nb8 20.Rf2 Rxc1 21.Qxc1 Bc6 22.Nbc5 a5 23.b3
Rc8 24.Rc2 Be8 25.Bf3 Rc7 26.Be2 Kg8 27.Kf2 Nd7 28.Nxd7 Rxc2 29.Qxc2 Qxd7 30.Ne5
Qb7 31.Bd3 Qc7 32.Qxc7 Bxc7 1/2-1/2

[Event "2. Bundesliga West 2011/12"]
[Site "Absam"]
[Date "2011.10.09"]
[Round "3"]
[Board "5"]
[White "De Francesco, Klaus"]
[Black "Hengl, Christian"]
[Result "1/2-1/2"]
[WhiteElo "2307"]
[BlackElo "2240"]
[PlyCount "59"]
[EventDate "2011.10.07"]
[EventType "team"]
[EventRounds "11"]
[EventCountry "AUT"]
[WhiteTeam "SC Absam"]
[BlackTeam "Rochade Rum"]

1.d4 d5 2.c4 c6 3.Nf3 Nf6 4.Nc3 a6 5.h3 b5 6.cxd5 cxd5 7.Bf4 e6 8.e3 Bd6 9.Bxd6
Qxd6 10.Be2 O-O 11.O-O Nbd7 12.a4 b4 13.Nb1 a5 14.Nbd2 Ba6 15.Bxa6 Qxa6 16.Nb3
Ne4 17.Nfd2 Nxd2 18.Qxd2 Rfc8 19.Rac1 Rc6 20.Rc2 Rc4 21.Rfc1 Qc6 22.Rxc4 dxc4
23.Qc2 Nb6 24.Nc5 Rc8 25.Qe2 h6 26.f4 Nxa4 27.Rxc4 Qb5 28.b3 Nc3 29.Qd3 Qe8
30.Kh1 1/2-1/2

[Event "2. Bundesliga West 2011/12"]
[Site "Absam"]
[Date "2011.10.09"]
[Round "3"]
[Board "6"]
[White "Jedinger, Andreas"]
[Black "Gerhold, Michael"]
[Result "1/2-1/2"]
[WhiteElo "2191"]
[BlackElo "2251"]
[PlyCount "60"]
[EventDate "2011.10.07"]
[EventType "team"]
[EventRounds "11"]
[EventCountry "AUT"]
[WhiteTeam "Rochade Rum"]
[BlackTeam "SC Absam"]

1.e4 e5 2.Nf3 Nc6 3.d4 exd4 4.Nxd4 Bb4+ 5.c3 Bc5 6.g3 d6 7.Bg2 Bd7 8.O-O Nf6
9.h3 O-O 10.Be3 Bb6 11.Nd2 Re8 12.Qc2 d5 13.exd5 Nxd4 14.Bxd4 Bxd4 15.cxd4 Bb5
16.Rfe1 Nxd5 17.Qc5 c6 18.Ne4 Re6 19.Nc3 Nxc3 20.bxc3 Qb6 21.Qb4 Rae8 22.Rxe6
Rxe6 23.a4 Bd3 24.Qxb6 axb6 25.Bf1 Be4 26.a5 bxa5 27.Rxa5 g6 28.f4 b5 29.Kf2 Bd5
30.Ra1 Re7 1/2-1/2

[Event "2. Bundesliga West 2011/12"]
[Site "Hohenems"]
[Date "2011.10.09"]
[Round "3"]
[Board "1"]
[White "Deglmann, Ludwig"]
[Black "Dobosz, Henryk"]
[Result "0-1"]
[WhiteElo "2324"]
[BlackElo "2396"]
[PlyCount "48"]
[EventDate "2011.10.07"]
[EventType "team"]
[EventRounds "11"]
[EventCountry "AUT"]
[WhiteTeam "Sparkasse Jenbach 2"]
[BlackTeam "Bregenz"]

1.d4 d6 2.c4 g6 3.Nf3 Bg7 4.e4 e5 5.Nc3 exd4 6.Nxd4 Nc6 7.Be3 Nge7 8.h4 h6 9.Qd2
f5 10.Nxc6 Nxc6 11.O-O-O fxe4 12.c5 Bg4 13.f3 exf3 14.cxd6 Qxd6 15.Qc2 Qe6
16.Bc5 Bf5 17.Qa4 h5 18.gxf3 Bh6+ 19.f4 Qe5 20.Nd5 O-O-O 21.Bg2 Rxd5 22.Rxd5
Bxf4+ 23.Kd1 Bg4+ 24.Kc2 Qe2+ 0-1

[Event "2. Bundesliga West 2011/12"]
[Site "Hohenems"]
[Date "2011.10.09"]
[Round "3"]
[Board "2"]
[White "Bezler, Rainer"]
[Black "Reich, Thomas"]
[Result "0-1"]
[WhiteElo "2218"]
[BlackElo "2388"]
[PlyCount "100"]
[EventDate "2011.10.07"]
[EventType "team"]
[EventRounds "11"]
[EventCountry "AUT"]
[WhiteTeam "Bregenz"]
[BlackTeam "Sparkasse Jenbach 2"]

1.e4 c5 2.Nf3 g6 3.d4 cxd4 4.Nxd4 Bg7 5.c4 Nc6 6.Be3 Nf6 7.Nc3 O-O 8.Be2 b6
9.O-O Bb7 10.Ndb5 a6 11.Na3 e6 12.Qd2 d5 13.exd5 exd5 14.Nxd5 Nxd5 15.cxd5 Ne7
16.d6 Nf5 17.Nc4 Nxe3 18.Nxe3 Qf6 19.Rac1 Rfd8 20.Rfd1 b5 21.Rc7 Rab8 22.b3 Bf8
23.d7 h5 24.Qc3 Qxc3 25.Rxc3 Bg7 26.Rc5 Kf8 27.a4 bxa4 28.bxa4 Ke7 29.Ra5 Rxd7
30.Rxd7+ Kxd7 31.h4 Bc3 32.Rc5 Bf6 33.g3 Re8 34.Rc1 Be5 35.Bc4 Bxg3 36.Rd1+ Kc7
37.Rc1 Kb8 38.Ng2 Bc7 39.Bxf7 Re7 40.Bc4 Rd7 41.Re1 Rd4 42.Rc1 Rg4 43.Bf1 Rxa4
44.Rc4 Ra1 45.Nf4 Bxf4 46.Rxf4 a5 47.Rf8+ Ka7 48.Rf7 a4 49.f4 a3 50.Kf2 Rxf1+ 0-1

[Event "2. Bundesliga West 2011/12"]
[Site "Hohenems"]
[Date "2011.10.09"]
[Round "3"]
[Board "3"]
[White "Micheli, Carlo"]
[Black "Hugentobler, Patrick"]
[Result "1/2-1/2"]
[WhiteElo "2268"]
[BlackElo "2262"]
[PlyCount "198"]
[EventDate "2011.10.07"]
[EventType "team"]
[EventRounds "11"]
[EventCountry "AUT"]
[WhiteTeam "Sparkasse Jenbach 2"]
[BlackTeam "Bregenz"]

1.e4 Nf6 2.e5 Nd5 3.d4 d6 4.Nf3 dxe5 5.Nxe5 c6 6.c4 Nb4 7.Na3 Bf5 8.Be3 Nd7
9.Nxd7 Qxd7 10.Qb3 e6 11.Be2 Be7 12.O-O O-O 13.Rfd1 a5 14.Rd2 Rfd8 15.Nb1 Bxb1
16.Rxb1 b5 17.a3 bxc4 18.Qxc4 Nd5 19.Rc1 Rdc8 20.Bf3 h6 21.Rdc2 Rcb8 22.Qa4 Ra7
23.Re1 Qb7 24.Bc1 Qb5 25.Qc4 Qxc4 26.Rxc4 Rb6 27.g3 Kf8 28.Re2 Ke8 29.Rec2 Kd7
30.h4 Rc7 31.Ra4 Ra7 32.Kf1 Rb3 33.Bxd5 exd5 34.Bd2 Bd8 35.Bc3 Bb6 36.Ke2 Kd6
37.Kd1 h5 38.Re2 Rxc3 39.bxc3 Re7 40.Rb2 Kc7 41.c4 Bxd4 42.Rc2 Kb6 43.cxd5 c5
44.Rac4 Rd7 45.a4 Rxd5 46.Ke2 Rf5 47.f4 Rf6 48.Kf3 Re6 49.Re2 Rxe2 50.Kxe2 Kc6
51.Rc2 Kd5 52.Kd3 f5 53.Re2 c4+ 54.Kc2 Kc5 55.Re8 Kb4 56.Rh8 Bf2 57.Rxh5 Bxg3
58.Rg5 Bxh4 59.Rxg7 Kxa4 60.Rf7 Kb4 61.Rxf5 a4 62.Rf7 Kc5 63.Ra7 Kd4 64.Rxa4 Bg3
65.f5 Ke5 66.Ra5+ Kf6 67.Rc5 Be5 68.Rxc4 Kxf5 69.Kd3 Bd6 70.Ra4 Bc7 71.Ke3 Bb6+
72.Kf3 Bc7 73.Ra7 Bb6 74.Rb7 Bd4 75.Rb5+ Be5 76.Ke3 Ke6 77.Ke4 Bh2 78.Rb6+ Kd7
79.Kd5 Kc7 80.Rc6+ Kb7 81.Rc2 Bf4 82.Rc4 Bg3 83.Rg4 Bh2 84.Kc5 Be5 85.Re4 Bg3
86.Re7+ Ka8 87.Kb6 Bf2+ 88.Kc7 Bg3+ 89.Kc8 Bf2 90.Re2 Bb6 91.Rb2 Bd4 92.Ra2+ Ba7
93.Kd7 Kb7 94.Rb2+ Bb6 95.Rb1 Ka7 96.Kc6 Bd4 97.Rb7+ Ka8 98.Re7 Bf2 99.Kb5 Kb8 1/2-1/2

[Event "2. Bundesliga West 2011/12"]
[Site "Hohenems"]
[Date "2011.10.09"]
[Round "3"]
[Board "4"]
[White "Heilinger, Dietmar"]
[Black "Hoellrigl, Wilfried"]
[Result "1/2-1/2"]
[WhiteElo "2161"]
[BlackElo "2186"]
[PlyCount "45"]
[EventDate "2011.10.07"]
[EventType "team"]
[EventRounds "11"]
[EventCountry "AUT"]
[WhiteTeam "Bregenz"]
[BlackTeam "Sparkasse Jenbach 2"]

1.c4 Nf6 2.Nc3 g6 3.g3 Bg7 4.Bg2 d6 5.d3 O-O 6.Nf3 c5 7.O-O Nc6 8.a3 Ne8 9.Bd2
Nc7 10.Rb1 a5 11.Ne1 Rb8 12.Nc2 Bd7 13.b4 axb4 14.axb4 cxb4 15.Nxb4 Nxb4 16.Rxb4
b5 17.cxb5 Nxb5 18.Nxb5 Rxb5 19.Rxb5 Bxb5 20.Kh1 Kh8 21.Kg1 Kg8 22.Kh1 Kh8
23.Kg1 1/2-1/2

[Event "2. Bundesliga West 2011/12"]
[Site "Hohenems"]
[Date "2011.10.09"]
[Round "3"]
[Board "5"]
[White "Czoeppan, Thomas"]
[Black "Karrer, Damian"]
[Result "1/2-1/2"]
[WhiteElo "2049"]
[BlackElo "2181"]
[PlyCount "63"]
[EventDate "2011.10.07"]
[EventType "team"]
[EventRounds "11"]
[EventCountry "AUT"]
[WhiteTeam "Sparkasse Jenbach 2"]
[BlackTeam "Bregenz"]

1.e4 c5 2.Nf3 e6 3.d4 cxd4 4.Nxd4 a6 5.Bd3 Nc6 6.Nxc6 dxc6 7.O-O Qc7 8.Be3 e5
9.a4 Nf6 10.f3 Be6 11.Qe2 Nd7 12.Bc4 Bxc4 13.Qxc4 Qa5 14.Nd2 Bc5 15.Bxc5 Qxc5+
16.Qxc5 Nxc5 17.Nc4 f6 18.b4 Ne6 19.c3 O-O-O 20.Rfd1 Kc7 21.g3 Rxd1+ 22.Rxd1 b5
23.Nb2 Rd8 24.Rxd8 Nxd8 25.a5 c5 26.Nd3 Ne6 27.Kf2 Kd6 28.Ke3 c4 29.Nf2 Nd8
30.Nd1 Nc6 31.Nb2 Ke6 32.Nd1 1/2-1/2

[Event "2. Bundesliga West 2011/12"]
[Site "Hohenems"]
[Date "2011.10.09"]
[Round "3"]
[Board "6"]
[White "Matt, Fabian"]
[Black "Schnegg, Anna-Lena"]
[Result "0-1"]
[WhiteElo "2169"]
[BlackElo "2017"]
[PlyCount "54"]
[EventDate "2011.10.07"]
[EventType "team"]
[EventRounds "11"]
[EventCountry "AUT"]
[WhiteTeam "Bregenz"]
[BlackTeam "Sparkasse Jenbach 2"]

1.e4 c5 2.Nf3 Nc6 3.d4 cxd4 4.Nxd4 Nf6 5.Nc3 g6 6.Be3 Bg7 7.Bc4 d6 8.h3 O-O
9.Bb3 Bd7 10.O-O Nxd4 11.Bxd4 Bc6 12.Qd3 Qa5 13.Rfe1 Rad8 14.Rad1 Rd7 15.a3 Rfd8
16.Na2 d5 17.e5 Ne4 18.Qe3 e6 19.Bxa7 d4 20.Bxd4 Rxd4 21.Rxd4 Rxd4 22.Nb4 Rxb4
23.axb4 Qxb4 24.Rd1 Bxe5 25.Qh6 Qf8 26.Qh4 Qc5 27.Kf1 g5 0-1

[Event "2. Bundesliga West 2011/12"]
[Site "Hohenems"]
[Date "2011.10.09"]
[Round "3"]
[Board "1"]
[White "Froewis, Georg"]
[Black "Eisenbeiser, Amadeus"]
[Result "1/2-1/2"]
[WhiteElo "2424"]
[BlackElo "2409"]
[PlyCount "91"]
[EventDate "2011.10.07"]
[EventType "team"]
[EventRounds "11"]
[EventCountry "AUT"]
[WhiteTeam "Hohenems 2"]
[BlackTeam "Goetzis"]

1.g3 e5 2.Bg2 d5 3.d3 Nc6 4.a3 a5 5.Nf3 Nf6 6.O-O Be7 7.Nc3 O-O 8.e4 dxe4 9.dxe4
Qxd1 10.Rxd1 Bg4 11.Be3 Rad8 12.Nd5 Nxd5 13.Rxd5 f6 14.Rad1 Bd6 15.h3 Be6
16.R5d3 Be7 17.Rxd8 Nxd8 18.Bf1 Nc6 19.Kg2 Kf7 20.Bb5 Nb8 21.Ne1 c6 22.Be2 Nd7
23.f4 exf4 24.gxf4 f5 25.e5 Nc5 26.Nf3 Bd5 27.c4 Bxf3+ 28.Kxf3 Ke6 29.b4 axb4
30.axb4 Na6 31.b5 Nc5 32.Ra1 Kd7 33.h4 Kc7 34.h5 Rd8 35.Rg1 Ne6 36.Kf2 Rd7
37.bxc6 bxc6 38.Ra1 Bc5 39.Bxc5 Nxc5 40.Ke3 Kb7 41.Rg1 Kb6 42.Rb1+ Kc7 43.Ra1
Kb7 44.Rb1+ Kc7 45.Rg1 Kb6 46.Rb1+ 1/2-1/2

[Event "2. Bundesliga West 2011/12"]
[Site "Hohenems"]
[Date "2011.10.09"]
[Round "3"]
[Board "2"]
[White "Krassowizkij, Jaroslaw"]
[Black "Novkovic, Milan"]
[Result "0-1"]
[WhiteElo "2356"]
[BlackElo "2381"]
[PlyCount "88"]
[EventDate "2011.10.07"]
[EventType "team"]
[EventRounds "11"]
[EventCountry "AUT"]
[WhiteTeam "Goetzis"]
[BlackTeam "Hohenems 2"]

1.d4 d5 2.c4 e6 3.Nc3 Nf6 4.cxd5 exd5 5.Bg5 Be7 6.e3 O-O 7.Bd3 Nbd7 8.Nge2 Re8
9.O-O c6 10.Qc2 Nf8 11.f3 Be6 12.Rae1 N6d7 13.Bxe7 Qxe7 14.e4 dxe4 15.fxe4 Nb6
16.e5 c5 17.Ne4 c4 18.Nd6 cxd3 19.Qxd3 Red8 20.Nf4 Rxd6 21.exd6 Qxd6 22.b3 Rd8
23.Qf3 Rd7 24.Kh1 Nd5 25.Nd3 Rc7 26.Nc5 b6 27.Ne4 Qd8 28.h3 h6 29.Rf2 Nh7 30.Qg3
Rc6 31.a3 Qc7 32.Qd3 Ng5 33.Nxg5 hxg5 34.Rff1 Rc3 35.Qb5 Qc6 36.Qxc6 Rxc6 37.Rc1
Rxc1 38.Rxc1 Kf8 39.Kg1 Ke7 40.Kf2 Kd6 41.Kf3 Nc7 42.b4 Nb5 43.Ke4 Bd5+ 44.Kf5
Bxg2 0-1

[Event "2. Bundesliga West 2011/12"]
[Site "Hohenems"]
[Date "2011.10.09"]
[Round "3"]
[Board "3"]
[White "Atlas, Dmitry"]
[Black "Kessler, Luca"]
[Result "1/2-1/2"]
[WhiteElo "2291"]
[BlackElo "2247"]
[PlyCount "61"]
[EventDate "2011.10.07"]
[EventType "team"]
[EventRounds "11"]
[EventCountry "AUT"]
[WhiteTeam "Hohenems 2"]
[BlackTeam "Goetzis"]

1.e4 c6 2.d4 d5 3.e5 Bf5 4.Nf3 e6 5.Be2 c5 6.O-O Nc6 7.Be3 cxd4 8.Nxd4 Nge7 9.g4
Bg6 10.f4 Be4 11.Nc3 a6 12.Nxe4 dxe4 13.Nxc6 Nxc6 14.c3 Qxd1 15.Bxd1 g5 16.Bc2
gxf4 17.Rxf4 Bh6 18.Rxe4 Bxe3+ 19.Rxe3 Rg8 20.Bxh7 Rxg4+ 21.Kh1 O-O-O 22.Rg1 Rh4
23.Bc2 Rh5 24.Rge1 Rdh8 25.R1e2 Kc7 26.Kg1 Rg8+ 27.Rg2 Rd8 28.Rge2 Rg8+ 29.Rg2
Rd8 30.Rge2 Rg8+ 31.Rg2 1/2-1/2

[Event "2. Bundesliga West 2011/12"]
[Site "Hohenems"]
[Date "2011.10.09"]
[Round "3"]
[Board "4"]
[White "Schmidlechner, Alexander"]
[Black "Gaertner, Guntram"]
[Result "1/2-1/2"]
[WhiteElo "2273"]
[BlackElo "2324"]
[PlyCount "61"]
[EventDate "2011.10.07"]
[EventType "team"]
[EventRounds "11"]
[EventCountry "AUT"]
[WhiteTeam "Goetzis"]
[BlackTeam "Hohenems 2"]

1.d4 e6 2.c4 Nf6 3.Nf3 Bb4+ 4.Bd2 a5 5.Nc3 b6 6.e3 Bxc3 7.Bxc3 Ne4 8.Qc2 Bb7
9.Bd3 Nxc3 10.Qxc3 d6 11.c5 O-O 12.Qc2 h6 13.cxb6 cxb6 14.Bh7+ Kh8 15.Be4 Bxe4
16.Qxe4 Ra7 17.Rc1 Rc7 18.Kd2 Kg8 19.Rxc7 Qxc7 20.Rc1 Qd7 21.Qc2 Qb5 22.Qb3 Qxb3
23.axb3 Rd8 24.Rc7 Kf8 25.Ne1 Ke8 26.Nd3 Rd7 27.Rc8+ Rd8 28.Rc7 Rd7 29.Rc8+ Rd8
30.Rc7 Rd7 31.Rc8+ 1/2-1/2

[Event "2. Bundesliga West 2011/12"]
[Site "Hohenems"]
[Date "2011.10.09"]
[Round "3"]
[Board "5"]
[White "Jedlicka, Robert"]
[Black "Kranz, Armin"]
[Result "0-1"]
[WhiteElo "1977"]
[BlackElo "2100"]
[PlyCount "97"]
[EventDate "2011.10.07"]
[EventType "team"]
[EventRounds "11"]
[EventCountry "AUT"]
[WhiteTeam "Hohenems 2"]
[BlackTeam "Goetzis"]

1.d4 Nf6 2.Nf3 e6 3.g3 b6 4.Bg2 Bb7 5.O-O c5 6.b3 cxd4 7.Bb2 d6 8.Nxd4 Bxg2
9.Kxg2 a6 10.Qd3 Ra7 11.e4 Qc8 12.c4 Nbd7 13.Nc3 Be7 14.Rad1 O-O 15.Na4 Qb7
16.f3 Rd8 17.Rfe1 Raa8 18.Qe2 Rab8 19.Nc3 Re8 20.Ba3 Nc5 21.e5 dxe5 22.Bxc5 bxc5
23.Nc2 Nd7 24.Ne4 Qc6 25.Rd3 Red8 26.Nf2 f6 27.Kg1 Nf8 28.Red1 Rxd3 29.Rxd3 Rd8
30.a3 Rb8 31.Qd2 f5 32.g4 e4 33.fxe4 fxe4 34.Rh3 Rd8 35.Qe2 Ng6 36.Qxe4 Rd1+
37.Kg2 Nf4+ 38.Kf3 Qxe4+ 39.Kxe4 Rd2 40.Rf3 Ng6 41.b4 Rxc2 42.Kd3 Rxc4 43.Kxc4
Ne5+ 44.Kc3 Nxf3 45.h3 Ng5 46.h4 Nf7 47.Nd3 cxb4+ 48.axb4 e5 49.Nc5 0-1

[Event "2. Bundesliga West 2011/12"]
[Site "Hohenems"]
[Date "2011.10.09"]
[Round "3"]
[Board "6"]
[White "Langwieser, Alexander"]
[Black "Nussbaumer, Vincent"]
[Result "1-0"]
[WhiteElo "2045"]
[BlackElo "1833"]
[PlyCount "73"]
[EventDate "2011.10.07"]
[EventType "team"]
[EventRounds "11"]
[EventCountry "AUT"]
[WhiteTeam "Goetzis"]
[BlackTeam "Hohenems 2"]

1.e4 c5 2.c3 Nf6 3.e5 Nd5 4.Nf3 e6 5.Bc4 b6 6.O-O Bb7 7.d4 cxd4 8.cxd4 d6 9.Bb5+
Nd7 10.Bg5 Qc7 11.Nbd2 Rc8 12.Nc4 a6 13.Rc1 Qb8 14.Bxd7+ Kxd7 15.exd6 Bxd6
16.Nfe5+ Ke8 17.Qh5 g6 18.Qh4 Be7 19.Bxe7 Nxe7 20.Qf6 Rf8 21.Nxb6 Rxc1 22.Rxc1
Nd5 23.Nxd5 Bxd5 24.b3 Bb7 25.Rc5 Qd6 26.Nc4 Qd7 27.h4 h5 28.a4 a5 29.Nxa5 Ba6
30.Nc4 Qa7 31.a5 Bxc4 32.Rxc4 Kd7 33.b4 Qa6 34.Rc5 Qd3 35.b5 g5 36.b6 Rc8
37.Qxf7+ 1-0

[Event "2. Bundesliga West 2011/12"]
[Site "Salzburg"]
[Date "2011.10.09"]
[Round "3"]
[Board "1"]
[White "Medvegy, Zoltan"]
[Black "Westermeier, Arnulf"]
[Result "1-0"]
[WhiteElo "2531"]
[BlackElo "2260"]
[PlyCount "81"]
[EventDate "2011.10.07"]
[EventType "team"]
[EventRounds "11"]
[EventCountry "AUT"]
[WhiteTeam "ATSV Ranshofen"]
[BlackTeam "ASK Salzburg"]

1.d4 d5 2.c4 e6 3.Nf3 Nf6 4.g3 Be7 5.Bg2 O-O 6.O-O Nbd7 7.Qc2 c6 8.Nbd2 b5 9.c5
Bb7 10.e4 dxe4 11.Nxe4 Nxe4 12.Qxe4 Nf6 13.Qc2 a5 14.Re1 a4 15.Bg5 h6 16.Bxf6
Bxf6 17.Rad1 Qc7 18.Qe4 Rfd8 19.Ne5 a3 20.b3 Rac8 21.b4 Ra8 22.Qe3 Ra4 23.Qc3 g6
24.Be4 Bg7 25.h4 h5 26.Rd3 Kh7 27.f4 Kg8 28.Qb3 Re8 29.Ree3 Kh7 30.Qc3 Rd8
31.Qd2 Rda8 32.Rb3 Kg8 33.Red3 Bf6 34.Qg2 R4a6 35.g4 hxg4 36.Qxg4 Bg7 37.Rg3 f5
38.Qxg6 fxe4 39.Qxe6+ Kh7 40.Rg5 Bxe5 41.Qg6+ 1-0